| 000 | 01183cam a22003377a 4500 | ||
|---|---|---|---|
| 003 | CHAP | ||
| 005 | 20220329142437.0 | ||
| 008 | 010219d2000 mx a r 00110 spa d | ||
| 010 | _a83563 | ||
| 011 | _a84535 | ||
| 035 | _a95056 | ||
| 040 | _cCHAP | ||
| 090 | _aTesis | ||
| 100 | 0 | 0 |
_aTerrazas Onofre, María Liliana. _9112411 |
| 245 | 1 | 0 |
_aCalibración, uso y manejo del time domain reflectometry (TDR), medidor de humedad del suelo _c/por María Liliana Terrazas Onofre |
| 260 |
_aChapingo, Méx. : _bEl autor, _c2001. |
||
| 300 |
_a100 h. : _bilus. ; gráfs. |
||
| 502 | _aTesis (Ing. en Irrigación) -- UACH. Departamento de Irrigación | ||
| 590 |
_aALEPH _b10 _c20130110 _lUCH01 _h1441 |
||
| 590 |
_aBATCH-UPD _b10 _c20130110 _lUCH01 _h0754 |
||
| 590 |
_aBATCH-UPD _b10 _c20130410 _lUCH01 _h0434 |
||
| 590 |
_aBATCH-UPD _b10 _c20130914 _lUCH01 _h1256 |
||
| 590 |
_aCONVERSION _b10 _c20130109 _lUCH01 _h1346 |
||
| 650 | 1 | 4 |
_aElectromagnetismo. _936238 |
| 650 | 1 | 4 |
_aSuelos _xHumedad. _9110391 |
| 901 | _aBK | ||
| 905 | _aMayto Villalobos S. | ||
| 942 | _cFOLL | ||
| 949 |
_bBC _cTES _d33724000816625 _eTS2 _fc.2 _h37240 _i95056 _si |
||
| 949 |
_bBC _cTES _d950561 _eTS1 _h37239 _i95056 _sb |
||
| 999 |
_c83563 _d83563 |
||